Limited statehood does not equal civil war (Record no. 506612)
[ view plain ]
| 000 -LEADER | |
|---|---|
| fixed length control field | 00381nam a2200157Ia 4500 |
| 008 - FIXED-LENGTH DATA ELEMENTS--GENERAL INFORMATION | |
| fixed length control field | 181130s2018 xx 000 0 und d |
| 100 ## - MAIN ENTRY--PERSONAL NAME | |
| Personal name | Risse, Thomas |
| 245 ## - TITLE STATEMENT | |
| Title | Limited statehood does not equal civil war |
| 260 ## - PUBLICATION, DISTRIBUTION, ETC. | |
| Date of publication, distribution, etc. | 2018 |
| 300 ## - PHYSICAL DESCRIPTION | |
| Extent | p.104-115. |
| 504 ## - BIBLIOGRAPHY, ETC. NOTE | |
| -- | Winter |
| 650 ## - SUBJECT ADDED ENTRY--TOPICAL TERM | |
| Topical term or geographic name entry element | Civil war |
| 700 ## - ADDED ENTRY--PERSONAL NAME | |
| Personal name | Stollenwerk, Eric |
| 773 ## - HOST ITEM ENTRY | |
| Main entry heading | Daedalus |
| 906 ## - LOCAL DATA ELEMENT F, LDF (RLIN) | |
| a | Civil war |
| Withdrawn status | Lost status | Damaged status | Not for loan | Permanent Location | Current Location | Date acquired | Serial Enumeration / chronology | Barcode | Date last seen | Price effective from | Koha item type |
|---|---|---|---|---|---|---|---|---|---|---|---|
| Indian Institute of Public Administration | Indian Institute of Public Administration | 2018-12-07 | 147(1), Winter, 2018: p.104-115. | AR118407 | 2018-12-07 | 2018-12-07 | Articles |
